| 000 | 00726nam a2200181Ia 4500 | ||
|---|---|---|---|
| 008 | 090124s9999 xx 000 0 und d | ||
| 082 | _b5291 | ||
| 100 | _aरानडे रा. द. | ||
| 245 | _a मराठी संतवाडय़ांतील परमार्थ मार्ग | ||
| 250 | _a1 | ||
| 260 |
_bभारतीय विद्या भवन _c1963 |
||
| 300 | _a235 | ||
| 600 | _aरानडे रा. द. | ||
| 630 | _a मराठी संतवाडय़ांतील परमार्थ मार्ग | ||
| 700 | _aरानडे रा. द. | ||
| 730 | _a मराठी संतवाडय़ांतील परमार्थ मार्ग | ||
| 942 | _cBOOK | ||
| 999 |
_c84363 _d84363 |
||